00637nam a2200205Ia 4500001002200000003000900022008004100031040002300072041001300095100001900108245004000127250001500167260002300182300003100205490000900236501012400245520002600369700001900395700001700414930-CRI ie og (11378)IT-MiSPE171229s9999||||xx |||||||||||||| ||und|| aIT-MiSPEcIT-MiSPE aITALIANO aVirgilio Levi  0aCristo ieri, oggi, semprebII. Roma a1a ed. (v) aPerugiabEFIc1993 a67 + ill. p. [3 v.]c32 cm v 2° aEdizioni San Paolo srl - Piazza Soncino, 5 - 20092 CINISELLO BALSAMO (MI) (non commercial uses only) ® Copyright 2018 aCarla Morselli (foto) aCarla Morselli aFranco Marzi